Définition de l'etre et nature des idées dans le sophiste de Platon

Gardado en:
Detalles Bibliográficos
Autor Principal: Diès, A (Author)
Formato: Libro
Idioma:francés
Publicado: París Librairie philosophique 1963
Series:Bibliothèque d'Histoire de la Philosophie
Subjects:
Tags: Engadir etiqueta
Sen Etiquetas, Sexa o primeiro en etiquetar este rexistro!

MARC

LEADER 00000nam a2200000 a 4500
001 UCY5884
003 CL-VaPUC
008 950512e19630000FR |||||||||||||||||fre|d
082 0 4 |a 184  |b DIE  |2 21 
100 0 |a Diès, A  |e author  |9 335285 
245 1 0 |a Définition de l'etre et nature des idées dans le sophiste de Platon 
300 |a 137 p 
942 |c BK 
945 |d 19950512 00:00:00  |a oaravena 
260 |a París  |b Librairie philosophique  |c 1963 
600 0 7 |a PLATON  |2 CL-VaPUC  |9 222 
650 0 |a Filosofía antigua   |9 255705 
650 7 |a SOFISMO  |2 CL-VaPUC  |9 335226 
650 0 |a Filosofía   |9 223554 
650 0 |a Idealismo  |9 265685 
650 0 |a Filosofía del espíritu  |9 320175 
650 7 |a SER  |2 CL-VaPUC  |9 320176 
651 0 |a Grecia  |9 265314 
583 |a last modification  |c 19950512 00:00:00  |k Rodrigo Vera 
490 0 |a Bibliothèque d'Histoire de la Philosophie 
999 |c 233490  |d 233488 
952 |0 0  |1 0  |4 0  |6 184_000000000000000_DIE_1963  |7 0  |8 P  |9 239054  |a BIBEDU  |b BIBEDU  |c BIBEDU_PB  |d 2019-11-18  |i 1501607  |o 184 DIE 1963  |p 1501607  |r 2024-01-25  |w 2019-11-18  |y BK  |k FIL